000 00235nam a2200097Ia 4500
001 793628
005 20250826170652.0
008 250824s9999 xx 000 0 und d
245 0 _aUMUT MEVSİMİ
_cDARIEN GEE
260 _bARKADYA YAYINLARI
999 _c793628
_d793628